Statistics for King Shark - Portrayals by Picture

Click here to take the quiz!

General Stats

  • This quiz has been taken 5 times
  • The average score is 2 of 9

Answer Stats

Answer% Correct
Sylvester Stallone / Steve Agee
75%
Ron Funches
50%
John DiMaggio
25%
John DiMaggio
25%
Kevin Michael Richardson
25%
Travis Willingham / Fred Tatasciore
25%
Dale Dudley
0%
Dan Payne / David Hayter
0%
James Arnold Taylor
0%

Score Distribution

Percentile by Number Answered

Percent of People with Each Score

Your Score History

You have not taken this quiz